000 00315nam a2200133 i 4500
001 bg
100 1 _aBRZEZIŃSKI, Zbigniew
245 0 _aZbigniew Brzeziński /
_cZbigniew Brzeziński.
260 _aWarszawa,
_c1977.
040 _cBPK
041 _apol
942 _cKS
008 s pl f |000 0 pol
999 _c18253
_d18253
856 _uhttp://koha.tu.koszalin.pl/cgi-bin/koha/opac-detail.pl?biblionumber=18253
_yKatalog online BPK